00451 a2200121 4500001001000000005001700010008004100027245012300068100002900191700002400220773006800244999001700312ART_5016320260410162007.0260409a 10aUn breve estudio de los patrimonios protectores de los herederos y las personas discapacitadas en España y Argentina1 aMorales Ferrer, Salvador1 aLencina, Marcelo A.0 tTemas de derecho civilg- Año 5, N° 11 (nov. 2019)wREV34778 c31842d31842